000 00695nam a2200205Ia 4500
003 OSt
005 20250207150229.0
008 210707s1983 xx 000 0 und d
040 _cAL
041 _ahin
082 _aH891.4 SHAR
100 _aSHARM (Achary Devendrnath):
_9198391
110 _bशर्म (आचार्य देवेन्द्रनाथ)
_9198392
245 _aRashtriybhasha hindi samasyayen aur samadhan:
_bराष्ट्रीयभाषा हिंदी समस्याएं और समाधान
260 _aIlahabad
_bLokbharati Prakashan
_c1983
300 _a210 p
563 _aHB
650 _aHindi Prose
_9198393
942 _2ddc
_cBK
999 _c180332
_d180332